| 000 | 00489nam a22001937a 4500 | ||
|---|---|---|---|
| 003 | OSt | ||
| 005 | 20140310184350.0 | ||
| 008 | 121113t xxu||||| |||| 00| 0 eng d | ||
| 020 | _a059009856x | ||
| 050 |
_aPZ 7 _b.R327 2000 |
||
| 100 |
_aReeder, Carolyn _925041 |
||
| 245 |
_aFoster's War / _cCarolyn Reeder. |
||
| 260 |
_aNew York : _bScholastic Inc., _c2000. |
||
| 300 |
_a267 p. : _bill. ; _c23 cm. |
||
| 521 | _aG8 | ||
| 526 | _c980 | ||
| 942 |
_2lcc _cBK-SCHOLAS |
||
| 999 |
_c33928 _d33928 |
||